| 000 | 00333nam a22001337a 4500 | ||
|---|---|---|---|
| 008 | 170927b xxu||||| |||| 00| 0 eng d | ||
| 020 | _a9780130910684 | ||
| 041 | _aeng | ||
| 080 | _a37 | ||
| 100 | _a46 | ||
| 101 | _aEDU | ||
| 245 |
_aADAPTING INSTRUCTION TO ACCOMODATE STUDENTS IN INCLUSIVE SETTINGS _cWOOD, J.W |
||
| 942 |
_2udc _cBK |
||
| 999 |
_c30105 _d30105 |
||